[Event "III Festival A"]
[Site "San Martino di Castrozza - Siror ITA"]
[Date "2002.07.04"]
[Round "4"]
[White "Pagano, Sergio"]
[Black "Agnelli, Francesco"]
[Result "0-1"]
[WhiteElo "1851"]
[BlackElo "2146"]
[PlyCount "120"]
[EventDate "2002.07.01"]

1. d4 Nf6 2. c4 g6 3. Nc3 Bg7 4. b4 d6 5. Nf3 O-O 6. e3 Nbd7 7. Be2 e5 8. dxe5
Ng4 9. Bb2 Ngxe5 10. O-O Nxf3+ 11. Bxf3 Ne5 12. Be2 Be6 13. Qb3 a5 14. Nd5 a4
15. Qc2 a3 16. Bd4 b5 17. Qc3 f6 18. Bxe5 fxe5 19. e4 c6 20. Ne3 Qb6 21. Rad1
Rfd8 22. Rxd6 Rxd6 23. c5 Qd8 24. cxd6 Qxd6 25. Rd1 Qf8 26. Qxc6 Bxa2 27. Nd5
Bb3 28. Ra1 Kh8 29. Qxb5 Rc8 30. Nb6 a2 31. Nxc8 Qxc8 32. Qd3 Be6 33. Qd2 Bf8
34. Qb2 Qb7 35. Bd1 Qxb4 36. Qxb4 Bxb4 37. Ba4 Bc3 38. Bd7 Bg8 39. Rc1 a1=Q 40.
Rxa1 Bxa1 41. Bb5 Kg7 42. Kf1 Kf6 43. Be2 Bd4 44. Bb5 Be6 45. Be2 Bb3 46. Bd3
Ke6 47. Ke2 Kd6 48. f3 Bg1 49. h3 Kc5 50. Kf1 Be3 51. Ke2 Kd4 52. Ba6 Bf4 53.
Kf2 Bc4 54. Bc8 Kd3 55. Bd7 Kd2 56. h4 Be3+ 57. Kg3 Ke2 58. Bg4 Bf4+ 59. Kh3
Kf2 60. h5 Bf1 0-1

[Event "III Festival A"]
[Site "San Martino di Castrozza - Siror ITA"]
[Date "2002.07.04"]
[Round "4"]
[White "Pinotti, Claudio"]
[Black "Brignone, Roberto"]
[Result "1-0"]
[WhiteElo "2073"]
[BlackElo "2165"]
[PlyCount "59"]
[EventDate "2002.07.01"]

1. e4 e5 2. Nf3 Nc6 3. Nc3 Nf6 4. d4 exd4 5. Nxd4 Bb4 6. Nxc6 bxc6 7. Bd3 Bxc3+
8. bxc3 d6 9. Bg5 O-O 10. O-O h6 11. Bh4 Bb7 12. Rb1 Bc8 13. Qf3 Be6 14. c4 g5
15. Bg3 Bg4 16. Qe3 Qe7 17. e5 Nh5 18. Qe4 f5 19. exf6 Qxe4 20. Bxe4 Be2 21.
Rfe1 Bxc4 22. Bxc6 Rab8 23. a3 Kf7 24. Rb4 Rxb4 25. axb4 Kxf6 26. Re4 d5 27.
Be5+ Kf5 28. Re3 Rf7 29. Bd4 Rf6 30. Bd7+ 1-0

[Event "III Festival A"]
[Site "San Martino di Castrozza - Siror ITA"]
[Date "2002.07.04"]
[Round "4"]
[White "Tamburini, Lorenzo"]
[Black "Guyer, Patrick"]
[Result "1/2-1/2"]
[WhiteElo "1768"]
[BlackElo "2122"]
[PlyCount "93"]
[EventDate "2002.07.01"]

1. e4 c5 2. Nf3 Nc6 3. Bb5 g6 4. O-O Bg7 5. Re1 e5 6. Bxc6 dxc6 7. d3 Ne7 8.
Be3 b6 9. Nbd2 O-O 10. a4 a5 11. Nc4 f6 12. b4 axb4 13. a5 bxa5 14. Bxc5 Be6
15. Nfd2 Nc8 16. Bxf8 Bxf8 17. Ra4 Nd6 18. Qe2 Nb5 19. Qe3 Nd4 20. Rc1 Bc5 21.
Qe1 Bd7 22. Nb3 Nxb3 23. cxb3 Bd4 24. Qd1 Kg7 25. Kf1 c5 26. Ra2 Bc3 27. Nb2
Bb5 28. Nc4 Qd4 29. Qe2 a4 30. bxa4 Rxa4 31. Rxa4 Bxa4 32. Qe3 Kf7 33. Ke2
Qxe3+ 34. fxe3 Ke6 35. Nb6 Bc6 36. Kd1 f5 37. exf5+ gxf5 38. g3 Bf3+ 39. Kc2 e4
40. dxe4 Bxe4+ 41. Kb3 Bf3 42. Ka4 Kd6 43. Kb3 Kc6 44. Nc4 Kb5 45. Nd6+ Kb6 46.
Rxc3 bxc3 47. Kxc3 1/2-1/2

[Event "III Festival A"]
[Site "San Martino di Castrozza - Siror ITA"]
[Date "2002.07.04"]
[Round "4"]
[White "Vita, Fabrizio"]
[Black "Bonani, Georg"]
[Result "1-0"]
[WhiteElo "2069"]
[BlackElo "1788"]
[PlyCount "81"]
[EventDate "2002.07.01"]

1. c4 Nf6 2. Nc3 g6 3. e4 d6 4. g3 c5 5. Bg2 Bg7 6. Nge2 Nc6 7. O-O O-O 8. d3
Ne8 9. Be3 Rb8 10. f4 Bg4 11. h3 Bxe2 12. Qxe2 Nd4 13. Bxd4 Bxd4+ 14. Kh2 a6
15. a4 Qa5 16. Qe1 e6 17. f5 Nf6 18. Rc1 Nd7 19. Qd2 Kg7 20. h4 Ne5 21. Bh3
exf5 22. exf5 Bxc3 23. f6+ Kh8 24. bxc3 Qxa4 25. h5 Qc6 26. Bg2 Ng4+ 27. Kg1
Qd7 28. Bh3 gxh5 29. Qg5 Rg8 30. Qxh5 Rg6 31. Rce1 Rbg8 32. Re7 Nxf6 33. Qxg6
Rxg6 34. Bxd7 Nxd7 35. Rxd7 Rxg3+ 36. Kh2 Rxd3 37. Rfxf7 Kg8 38. Rxb7 Rxc3 39.
Rfd7 Rf3 40. Rxd6 a5 41. Ra6 1-0

[Event "III Festival A"]
[Site "San Martino di Castrozza - Siror ITA"]
[Date "2002.07.04"]
[Round "4"]
[White "Zichichi, Alvise"]
[Black "Andreoli, Mark"]
[Result "1-0"]
[WhiteElo "2312"]
[BlackElo "2065"]
[PlyCount "77"]
[EventDate "2002.07.01"]

1. d4 c5 2. d5 f5 3. c4 Nf6 4. Nc3 g6 5. h4 Bg7 6. e4 fxe4 7. h5 O-O 8. hxg6
hxg6 9. Bh6 Bxh6 10. Rxh6 Kg7 11. Rh4 d6 12. Nxe4 Nxe4 13. Rxe4 Nd7 14. Qd2 Nf6
15. Qc3 Bf5 16. Re3 Kf7 17. f3 Qb6 18. g4 Bd7 19. Nh3 Qb4 20. Ng5+ Ke8 21. Kd2
Rh8 22. Rae1 Rh2+ 23. Kc1 Qxc3+ 24. bxc3 Ng8 25. Bd3 Rxa2 26. Bxg6+ Kd8 27. Rh1
Ra1+ 28. Bb1 Kc7 29. Rh8 Re8 30. Kb2 Ra4 31. Bh7 Nf6 32. Rxe8 Nxe8 33. Rxe7
Rxc4 34. Bd3 b5 35. Bxc4 bxc4 36. Ne6+ Kc8 37. g5 Nc7 38. Nxc7 Kxc7 39. g6 1-0

[Event "III Festival A"]
[Site "San Martino di Castrozza - Siror ITA"]
[Date "2002.07.05"]
[Round "5"]
[White "Affinito, Pancrazio"]
[Black "Gosio, Denis"]
[Result "1/2-1/2"]
[WhiteElo "1794"]
[BlackElo "2154"]
[PlyCount "59"]
[EventDate "2002.07.01"]

1. d4 Nf6 2. c4 e6 3. g3 d5 4. Bg2 Be7 5. Nf3 O-O 6. O-O dxc4 7. Qa4 a6 8. Qxc4
b5 9. Qc2 Bb7 10. Nbd2 Nc6 11. e3 Nb4 12. Qb1 c5 13. a3 Nc6 14. dxc5 Bxc5 15.
b4 Be7 16. Bb2 h6 17. Rd1 Qc7 18. Rc1 Qb6 19. Nd4 Rac8 20. Qa2 Nd8 21. Rxc8
Bxc8 22. Rc1 Bb7 23. Ba1 Bxg2 24. Kxg2 a5 25. Bc3 axb4 26. Bxb4 Bxb4 27. axb4
Nd5 28. Qb3 Qb7 29. e4 Nf6 30. Qd3 1/2-1/2

[Event "III Festival A"]
[Site "San Martino di Castrozza - Siror ITA"]
[Date "2002.07.05"]
[Round "5"]
[White "Agnelli, Francesco"]
[Black "Bondielli, Giorgio"]
[Result "1/2-1/2"]
[WhiteElo "2146"]
[BlackElo "2008"]
[PlyCount "108"]
[EventDate "2002.07.01"]

1. e4 e5 2. Nf3 Nf6 3. Nxe5 d6 4. Nf3 Nxe4 5. d4 d5 6. Bd3 Bd6 7. O-O O-O 8. c4
c6 9. Nc3 Nxc3 10. bxc3 dxc4 11. Bxc4 Bg4 12. h3 Bh5 13. g4 Bg6 14. Bg5 Qc7 15.
Nh4 Bf4 16. Nxg6 hxg6 17. Bxf4 Qxf4 18. Re1 Nd7 19. Re3 Rae8 20. Qf3 Qxf3 21.
Rxf3 Nf6 22. a4 Ne4 23. Rd1 Re7 24. Re1 Rfe8 25. Rxe4 Rxe4 26. Bxf7+ Kh7 27.
Bxe8 Rxe8 28. Rf7 Re1+ 29. Kg2 Ra1 30. Rxb7 Rxa4 31. Rc7 Rc4 32. Rxa7 Rxc3 33.
Ra5 Rc4 34. Rc5 Rxd4 35. Rxc6 Rd3 36. h4 Rb3 37. f3 Rb4 38. Kg3 Rb3 39. Rc5 Ra3
40. g5 Ra1 41. Rc4 Rg1+ 42. Kf4 Rh1 43. Ke5 Rh3 44. Rf4 Rh1 45. Ke6 Ra1 46. Rd4
Ra6+ 47. Ke5 Ra3 48. f4 Rf3 49. Ke6 Ra3 50. Ke5 Rf3 51. h5 Re3+ 52. Kd5 gxh5
53. f5 Rg3 54. g6+ Kh6 1/2-1/2

[Event "III Festival A"]
[Site "San Martino di Castrozza - Siror ITA"]
[Date "2002.07.05"]
[Round "5"]
[White "Aliferopulos, Andrea"]
[Black "Mayer, Frank"]
[Result "0-1"]
[WhiteElo "1686"]
[BlackElo "2288"]
[PlyCount "36"]
[EventDate "2002.07.01"]

1. e4 e6 2. d4 d5 3. Nc3 Bb4 4. Nge2 Nc6 5. a3 Ba5 6. e5 f6 7. Nf4 g6 8. Bb5
fxe5 9. b4 Bb6 10. dxe5 Nge7 11. O-O O-O 12. Bxc6 Nxc6 13. g3 Bd4 14. Bd2 Nxe5
15. Re1 Qf6 16. Kh1 Nc4 17. Nfe2 Bxf2 18. Nf4 Nxd2 0-1

[Event "III Festival A"]
[Site "San Martino di Castrozza - Siror ITA"]
[Date "2002.07.05"]
[Round "5"]
[White "Ammendolea, Massimo"]
[Black "Morselli, Stefano"]
[Result "1-0"]
[WhiteElo "1702"]
[BlackElo "1798"]
[PlyCount "115"]
[EventDate "2002.07.01"]

1. e4 g6 2. d4 Bg7 3. c4 d6 4. Nc3 Nf6 5. Be3 O-O 6. f3 Nc6 7. Qd2 e5 8. d5 Nb4
9. Nge2 Ne8 10. g4 f5 11. a3 Na6 12. Bg5 Nf6 13. gxf5 gxf5 14. Rg1 f4 15. Bh6
Rf7 16. Nc1 Ng4 17. Bxf4 Rxf4 18. Qg2 Qh4+ 19. Ke2 Qxh2 20. Nd3 Rf7 21. fxg4
Bxg4+ 22. Kd2 Qxg2+ 23. Rxg2 h5 24. Be2 Bh6+ 25. Kc2 Rg7 26. Bxg4 hxg4 27. Rag1
Be3 28. Re1 Bd4 29. Ne2 Be3 30. Ng3 Bf4 31. Nf5 Rg5 32. Rf1 Nc5 33. Nxf4 exf4
34. Rxf4 Re8 35. Rgxg4 Rxg4 36. Rxg4+ Kf7 37. Ng3 Kf6 38. b4 Nd7 39. Nh5+ Ke5
40. Kd3 Nc5+ 41. bxc5 dxc5 42. Rg5+ Kd6 43. Rg6+ Ke5 44. Re6+ Rxe6 45. dxe6
Kxe6 46. Nf4+ Ke5 47. Ke3 c6 48. Nd3+ Kd6 49. e5+ Ke6 50. Ke4 b6 51. Nf4+ Ke7
52. Kf5 b5 53. cxb5 cxb5 54. Nd5+ Ke8 55. Nc7+ Ke7 56. Nxb5 c4 57. Nc3 a5 58.
a4 1-0

[Event "III Festival A"]
[Site "San Martino di Castrozza - Siror ITA"]
[Date "2002.07.05"]
[Round "5"]
[White "Andreoli, Mark"]
[Black "Kleinschroth, Roland"]
[Result "0-1"]
[WhiteElo "2065"]
[BlackElo "2158"]
[PlyCount "111"]
[EventDate "2002.07.01"]

1. e4 e5 2. d4 exd4 3. c3 d5 4. exd5 Qxd5 5. cxd4 Nc6 6. Nf3 Bb4+ 7. Nc3 Bg4 8.
Be2 Bxf3 9. Bxf3 Qc4 10. Bxc6+ bxc6 11. Qe2+ Qxe2+ 12. Kxe2 Ne7 13. Be3 O-O-O
14. Rac1 Rhe8 15. Rhd1 Nf5 16. Kf3 Bxc3 17. Rxc3 Re6 18. Rc5 Rd5 19. Rxd5 cxd5
20. Rc1 Ra6 21. a3 Ra4 22. Kf4 Ne7 23. Rc5 c6 24. h4 Kd7 25. h5 f6 26. g4 Nc8
27. g5 fxg5+ 28. Kxg5 Nd6 29. Kf4 Ne4 30. Rc1 Nf6 31. Kg5 Ra6 32. f3 Ke6 33.
Bd2 Kf7 34. Bb4 h6+ 35. Kh4 Rb6 36. Rc2 g5+ 37. hxg6+ Kxg6 38. Bd6 Kf5 39. Re2
Rb3 40. Rf2 Rd3 41. Be5 Nd7 42. Bg7 a5 43. Kg3 Kg6 44. Bh8 a4 45. Rc2 Kh7 46.
Be5 c5 47. Kf4 c4 48. Rg2 Nxe5 49. dxe5 d4 50. Ke4 Rd1 51. Kd5 c3 52. e6 cxb2
53. Rxb2 Re1 54. Kd6 Kg6 55. Rh2 Kf6 56. Rxh6+ 0-1

[Event "III Festival A"]
[Site "San Martino di Castrozza - Siror ITA"]
[Date "2002.07.05"]
[Round "5"]
[White "Cattafi, Giuseppe"]
[Black "Pinotti, Claudio"]
[Result "1-0"]
[WhiteElo "1810"]
[BlackElo "2073"]
[PlyCount "47"]
[EventDate "2002.07.01"]

1. Nf3 Nf6 2. d3 d6 3. e4 e5 4. Nbd2 Be7 5. b3 c5 6. g3 Nc6 7. Bg2 Bg4 8. O-O
Qd7 9. a4 O-O 10. Nc4 h6 11. Ne3 Bh3 12. Re1 Bxg2 13. Kxg2 Rae8 14. Nf5 Kh7 15.
Qd2 d5 16. Nxg7 Kxg7 17. Qxh6+ Kg8 18. Ng5 Qg4 19. exd5 Nd4 20. Rxe5 Nf5 21.
Qh3 Nd4 22. Bf4 Qxh3+ 23. Nxh3 Bd6 24. Rg5+ 1-0

[Event "III Festival A"]
[Site "San Martino di Castrozza - Siror ITA"]
[Date "2002.07.05"]
[Round "5"]
[White "Contin, Daniel"]
[Black "Belotti, Bruno"]
[Result "1/2-1/2"]
[WhiteElo "2334"]
[BlackElo "2430"]
[PlyCount "33"]
[EventDate "2002.07.01"]

1. Nf3 g6 2. e4 d6 3. d4 Nf6 4. Nc3 Bg7 5. Be2 O-O 6. O-O Bg4 7. Be3 Nc6 8. Nd2
Bxe2 9. Qxe2 e5 10. d5 Nd4 11. Qd3 c6 12. Nb3 cxd5 13. Nxd4 dxe4 14. Nxe4 Nxe4
15. Qxe4 exd4 16. Bxd4 Re8 17. Qd3 1/2-1/2

[Event "III Festival A"]
[Site "San Martino di Castrozza - Siror ITA"]
[Date "2002.07.05"]
[Round "5"]
[White "Esposito, Marco"]
[Black "Dal Zovo, Claudio"]
[Result "0-1"]
[WhiteElo "1809"]
[BlackElo "1732"]
[PlyCount "58"]
[EventDate "2002.07.01"]

1. Nf3 d5 2. c4 e6 3. g3 Bd6 4. Nc3 c6 5. b3 Nf6 6. Bg2 Nbd7 7. Bb2 O-O 8. d4
Re8 9. O-O Qe7 10. e3 dxc4 11. bxc4 e5 12. Qc2 exd4 13. exd4 Nf8 14. Rfe1 Qd7
15. Rxe8 Qxe8 16. Re1 Qd8 17. d5 cxd5 18. cxd5 Qc7 19. Nd4 Bd7 20. Qd3 a6 21.
Ne4 Nxe4 22. Bxe4 Re8 23. Re2 Be5 24. Rc2 Qd6 25. Bf5 Qxd5 26. Be4 Qxa2 27.
Bxb7 Bh3 28. f4 Qb1+ 29. Kf2 Bxd4+ 0-1

[Event "III Festival A"]
[Site "San Martino di Castrozza - Siror ITA"]
[Date "2002.07.05"]
[Round "5"]
[White "Guyer, Patrick"]
[Black "Cavatorta, Fosco"]
[Result "1/2-1/2"]
[WhiteElo "2122"]
[BlackElo "1812"]
[PlyCount "61"]
[EventDate "2002.07.01"]

1. e4 e6 2. d3 d5 3. Nd2 Nf6 4. g3 dxe4 5. dxe4 e5 6. Bg2 Nc6 7. Ngf3 Bc5 8.
O-O O-O 9. h3 a5 10. a4 b6 11. Re1 Qe7 12. c3 Rd8 13. Qb3 Be6 14. Qb5 Bd7 15.
Qe2 Bc8 16. Nc4 Ba6 17. b3 b5 18. axb5 Bxb5 19. Bf1 Rd7 20. Nh4 Qe6 21. Qf3
Bxc4 22. bxc4 a4 23. Nf5 a3 24. Ne3 Na5 25. Nd5 Nb3 26. Ra2 Nxc1 27. Rxc1 c6
28. Nb4 Rb7 29. Rca1 Rba7 30. Qd3 Rd7 31. Qf3 1/2-1/2

[Event "III Festival A"]
[Site "San Martino di Castrozza - Siror ITA"]
[Date "2002.07.05"]
[Round "5"]
[White "Ivanov, Mikhail M."]
[Black "Drasko, Milan"]
[Result "1/2-1/2"]
[WhiteElo "2489"]
[BlackElo "2502"]
[PlyCount "36"]
[EventDate "2002.07.01"]

1. d4 d5 2. c4 dxc4 3. Nf3 a6 4. e3 e6 5. Bxc4 c5 6. O-O Nf6 7. dxc5 Bxc5 8.
Qxd8+ Kxd8 9. a3 Ke7 10. b4 Bd6 11. Bb2 Nbd7 12. Nbd2 b5 13. Be2 Bb7 14. Nb3
Rac8 15. Rac1 Rxc1 16. Rxc1 Rc8 17. Rxc8 Bxc8 18. Na5 Bc7 1/2-1/2

[Event "III Festival A"]
[Site "San Martino di Castrozza - Siror ITA"]
[Date "2002.07.05"]
[Round "5"]
[White "Marciello, Armando"]
[Black "Tamburini, Lorenzo"]
[Result "1-0"]
[WhiteElo "1863"]
[BlackElo "1768"]
[PlyCount "111"]
[EventDate "2002.07.01"]

1. d4 Nf6 2. Bf4 e6 3. e3 c5 4. c3 b6 5. Nf3 Ba6 6. Bxa6 Nxa6 7. Nbd2 Be7 8. h3
O-O 9. O-O cxd4 10. exd4 d6 11. Re1 Re8 12. a4 Nd5 13. Bh2 Qd7 14. Qe2 Nac7 15.
Ne4 a6 16. Neg5 h6 17. Ne4 b5 18. axb5 axb5 19. Nfd2 Rxa1 20. Rxa1 f5 21. Ng3
Ra8 22. Rxa8+ Nxa8 23. Nh5 Nf6 24. Nf4 Nc7 25. Ng6 Bd8 26. b3 Kf7 27. Nf4 g5
28. Nd3 Nce8 29. c4 bxc4 30. Nxc4 Qa7 31. Bxd6 Qa1+ 32. Kh2 Qxd4 33. Nde5+ Kg7
34. Nc6 Qd5 35. Nxd8 Nxd6 36. Nxe6+ Kg8 37. Nc7 Qd4 38. Qe6+ Nf7 39. Qxf5 Qf4+
40. Qxf4 gxf4 41. b4 Nd8 42. b5 Kf7 43. b6 Nb7 44. Ne5+ Ke7 45. Ng6+ Kd6 46.
Nxf4 Kc6 47. f3 Kxb6 48. Ncd5+ Nxd5 49. Nxd5+ Kc5 50. Nf6 Nd6 51. Ne4+ Nxe4 52.
fxe4 Kd4 53. Kg3 Kxe4 54. Kg4 Ke5 55. Kh5 Kf4 56. g4 1-0

[Event "III Festival A"]
[Site "San Martino di Castrozza - Siror ITA"]
[Date "2002.07.05"]
[Round "5"]
[White "Ruzzier, Dario"]
[Black "Dallaglio, Giovanni"]
[Result "1/2-1/2"]
[WhiteElo "2012"]
[BlackElo "2051"]
[PlyCount "108"]
[EventDate "2002.07.01"]

1. d4 d5 2. c4 e6 3. Nc3 Nf6 4. Bg5 Be7 5. e3 O-O 6. Nf3 h6 7. Bh4 Ne4 8. Bxe7
Qxe7 9. Qc2 c6 10. Bd3 Nxc3 11. Qxc3 dxc4 12. Bxc4 Nd7 13. e4 b6 14. O-O Bb7
15. Rfe1 Rfe8 16. b4 a5 17. bxa5 Rxa5 18. Rab1 Ba6 19. Bxa6 Rxa6 20. Qxc6 Rxa2
21. d5 e5 22. Ra1 Rxa1 23. Rxa1 Nc5 24. Nd2 Rb8 25. f3 f6 26. Nc4 Qd7 27. Ra8
Rxa8 28. Qxa8+ Kf7 29. Nxb6 Qb7 30. Qxb7+ Nxb7 31. Kf2 g5 32. Nc4 Nc5 33. Ke2
h5 34. g3 g4 35. Nd6+ Kg6 36. Nf5 Kg5 37. Ke3 gxf3 38. Kxf3 Kg6 39. Ke3 Kg5 40.
h3 Kg6 41. Nd6 Kg5 42. Nc4 Nd7 43. Nd2 Nc5 44. d6 Kg6 45. Nb3 Nb7 46. d7 Kf7
47. Nc5 Nd8 48. Kd3 Ke7 49. Kc4 Kd6 50. Kb5 Nf7 51. Kb6 Nd8 52. Kb5 Nf7 53. Kc4
Nd8 54. h4 Nf7 1/2-1/2

[Event "III Festival A"]
[Site "San Martino di Castrozza - Siror ITA"]
[Date "2002.07.05"]
[Round "5"]
[White "Schiappacasse, Marcello"]
[Black "Pagano, Sergio"]
[Result "0-1"]
[WhiteElo "1761"]
[BlackElo "1851"]
[PlyCount "44"]
[EventDate "2002.07.01"]

1. e4 c6 2. d4 d5 3. Nc3 dxe4 4. Nxe4 Nd7 5. Nf3 Ngf6 6. Ng3 g6 7. Bc4 Bg7 8.
O-O O-O 9. h3 c5 10. dxc5 Nxc5 11. Be3 Qc7 12. Qe2 b6 13. c3 Bb7 14. Bxc5 Qxc5
15. Bb3 a5 16. Rfe1 a4 17. Bc2 a3 18. Bb3 axb2 19. Qxb2 Bxf3 20. gxf3 Nd5 21.
Ne4 Qa5 22. Rad1 Nxc3 0-1

[Event "III Festival A"]
[Site "San Martino di Castrozza - Siror ITA"]
[Date "2002.07.05"]
[Round "5"]
[White "Voltolini, Giuseppe"]
[Black "Lotti, Fabio"]
[Result "1-0"]
[WhiteElo "2285"]
[BlackElo "2045"]
[PlyCount "67"]
[EventDate "2002.07.01"]

1. e4 e6 2. d4 d5 3. Nd2 c5 4. exd5 Qxd5 5. Ngf3 Nc6 6. c4 Qd8 7. d5 exd5 8.
cxd5 Nd4 9. Nxd4 cxd4 10. Qa4+ Bd7 11. Qxd4 Nf6 12. Be2 Bd6 13. O-O Qc7 14. Nf3
O-O 15. Bg5 Ng4 16. h3 Rfe8 17. Qd2 Nh2 18. Rfc1 Nxf3+ 19. Bxf3 Qb6 20. Be3 Qd8
21. Bf4 Qf6 22. Bxd6 Qxd6 23. Re1 Rxe1+ 24. Rxe1 Re8 25. Rxe8+ Bxe8 26. Qe3 Kf8
27. Qxa7 Qb4 28. Qe3 Qxb2 29. Qc5+ Kg8 30. Qe7 Qc1+ 31. Kh2 Qc8 32. d6 g6 33.
Bd5 Qd7 34. Bxf7+ 1-0

[Event "III Festival A"]
[Site "San Martino di Castrozza - Siror ITA"]
[Date "2002.07.05"]
[Round "5"]
[White "Weinberg, Emanuele"]
[Black "D'Ettorre, Ireneo"]
[Result "1-0"]
[WhiteElo "1725"]
[BlackElo "1747"]
[PlyCount "101"]
[EventDate "2002.07.01"]

1. d4 Nf6 2. c4 c5 3. d5 e6 4. Nc3 exd5 5. cxd5 d6 6. e4 g6 7. f4 Bg7 8. Bb5+
Nfd7 9. Bd3 O-O 10. Nf3 Re8 11. O-O Na6 12. Nd2 Nc7 13. Nc4 Nb6 14. Nxb6 axb6
15. Qf3 Qe7 16. Bd2 Bd7 17. Rae1 Qf8 18. Qg3 b5 19. a3 Bd4+ 20. Kh1 c4 21. Bc2
Qg7 22. e5 dxe5 23. d6 exf4 24. Bxf4 Ne6 25. Be5 Bxe5 26. Qxe5 Qxe5 27. Rxe5
Nd4 28. Rxe8+ Rxe8 29. Be4 b6 30. Nd5 Rd8 31. Rd1 Nf5 32. g4 Nh6 33. h3 f5 34.
Nf6+ Kg7 35. Nxd7 fxe4 36. Nxb6 Nf7 37. d7 Kf8 38. Rd5 Ke7 39. Rxb5 e3 40. Kg1
Kd6 41. Nxc4+ Kc6 42. Rb4 Rxd7 43. Nxe3 Rd3 44. Rc4+ Kd6 45. Rc3 Rd4 46. Nc4+
Kd5 47. Nb6+ Kd6 48. a4 Rd1+ 49. Kf2 Rd2+ 50. Ke3 Rxb2 51. Nc4+ 1-0

[Event "III Festival A"]
[Site "San Martino di Castrozza - Siror ITA"]
[Date "2002.07.06"]
[Round "6"]
[White "Affinito, Pancrazio"]
[Black "Agnelli, Francesco"]
[Result "1/2-1/2"]
[WhiteElo "1794"]
[BlackElo "2146"]
[PlyCount "81"]
[EventDate "2002.07.01"]

1. d4 Nf6 2. c4 g6 3. Nc3 Bg7 4. Nf3 d6 5. h3 O-O 6. Bf4 Nfd7 7. Qd2 e5 8. Bh6
a5 9. Bxg7 Kxg7 10. e3 exd4 11. Nxd4 Na6 12. Be2 Nac5 13. O-O Re8 14. b3 Kg8
15. Rfd1 Ne5 16. Rab1 Bd7 17. a3 Bc6 18. Nxc6 bxc6 19. f4 Ned7 20. Bf3 Ra6 21.
b4 axb4 22. axb4 Ne6 23. b5 cxb5 24. cxb5 Rb6 25. Bc6 Nec5 26. e4 f6 27. Qd5+
Kg7 28. Qd4 Rb8 29. Re1 Rf8 30. Nd5 Ne6 31. Qd2 Nb6 32. Nb4 Nc5 33. Na6 Rc8 34.
Nxc5 dxc5 35. Rbd1 Qe7 36. Qc3 Rcd8 37. Rxd8 Rxd8 38. e5 Rd4 39. exf6+ Qxf6 40.
Qxc5 Rxf4 41. Qe7+ 1/2-1/2

[Event "III Festival A"]
[Site "San Martino di Castrozza - Siror ITA"]
[Date "2002.07.06"]
[Round "6"]
[White "Belotti, Bruno"]
[Black "Voltolini, Giuseppe"]
[Result "0-1"]
[WhiteElo "2430"]
[BlackElo "2285"]
[PlyCount "58"]
[EventDate "2002.07.01"]

1. e4 c5 2. Nf3 d6 3. d4 cxd4 4. Nxd4 Nf6 5. Nc3 g6 6. Be3 Bg7 7. f3 Nc6 8. Qd2
O-O 9. Bc4 Bd7 10. O-O-O Rc8 11. Bb3 Ne5 12. h4 h5 13. Bg5 Rc5 14. g4 hxg4 15.
f4 Nc4 16. Qe2 Qc8 17. h5 Nxh5 18. f5 Na5 19. Qd2 Nxb3+ 20. axb3 e6 21. Bh6 Qd8
22. Rdf1 Qf6 23. Nde2 exf5 24. Bxg7 Kxg7 25. exf5 Rxf5 26. Rxf5 Bxf5 27. Ng3
Rh8 28. Nce4 Bxe4 29. Nxe4 Qf4 0-1

[Event "III Festival A"]
[Site "San Martino di Castrozza - Siror ITA"]
[Date "2002.07.06"]
[Round "6"]
[White "Bondielli, Giorgio"]
[Black "Mayer, Frank"]
[Result "0-1"]
[WhiteElo "2008"]
[BlackElo "2288"]
[PlyCount "100"]
[EventDate "2002.07.01"]

1. e4 e6 2. d4 d5 3. e5 c5 4. c3 Nc6 5. Nf3 Bd7 6. Bd3 cxd4 7. cxd4 Qb6 8. O-O
Nxd4 9. Nxd4 Qxd4 10. Nc3 Qxe5 11. Re1 Qb8 12. Nxd5 Bd6 13. h3 Nf6 14. Nxf6+
gxf6 15. Bh6 Bc6 16. Qh5 Ke7 17. Bg7 Rg8 18. Qh6 Be5 19. Bxh7 Rxg7 20. Qxg7
Bh2+ 21. Kh1 Qf4 22. Bg8 Be8 23. Re2 Qc4 24. Rae1 Be5 25. b3 Qf4 26. g3 Bc6+
27. Kh2 Rxg8 28. gxf4 Rxg7 29. fxe5 Rg2+ 30. Kh1 fxe5 31. Rc1 Rxf2+ 32. Rxc6
Rxe2 33. Rc7+ Kf6 34. a4 Re3 35. Rxb7 Rxh3+ 36. Kg2 Rd3 37. b4 a5 38. bxa5 Rd4
39. a6 Rxa4 40. a7 Ra3 41. Kf2 e4 42. Ke2 e5 43. Kd2 e3+ 44. Ke2 Ke6 45. Rb6+
Kf5 46. Rb7 f6 47. Rf7 Ke6 48. Rh7 f5 49. Rh6+ Kd5 50. Rh7 Ke4 0-1

[Event "III Festival A"]
[Site "San Martino di Castrozza - Siror ITA"]
[Date "2002.07.06"]
[Round "6"]
[White "Capata, Ion"]
[Black "Dal Zovo, Claudio"]
[Result "1/2-1/2"]
[WhiteElo "2150"]
[BlackElo "1732"]
[PlyCount "126"]
[EventDate "2002.07.01"]

1. e4 d6 2. d4 Nf6 3. Nc3 c6 4. h3 Qc7 5. Nf3 e5 6. Bc4 h6 7. O-O Be7 8. b3 O-O
9. dxe5 dxe5 10. Bb2 b5 11. Bd3 Be6 12. Rb1 Nbd7 13. Qe2 Nh5 14. Bc1 Bb4 15.
Nd1 Nc5 16. a3 Nxd3 17. cxd3 Bd6 18. Nxe5 Ng3 19. fxg3 Bxe5 20. Bf4 Qb6+ 21.
Kh2 Bd4 22. Be3 Rad8 23. Bxd4 Qxd4 24. Rf3 c5 25. Qe3 c4 26. bxc4 bxc4 27. dxc4
Bxc4 28. Qxd4 Rxd4 29. Nc3 Rd7 30. Re3 Rfd8 31. Rbe1 Kf8 32. g4 f6 33. e5 fxe5
34. Rxe5 Rd3 35. R1e3 Rxe3 36. Rxe3 Kf7 37. Kg3 Kg6 38. Na4 Rd5 39. Nb2 Ba2 40.
Nd3 Ra5 41. Ne5+ Kh7 42. Nc6 Ra4 43. Kf2 Bb1 44. g3 Ba2 45. Ne7 Ra6 46. Nf5 Bb1
47. Ke1 h5 48. Rb3 Be4 49. Re3 Bb1 50. Kd2 hxg4 51. hxg4 Ra4 52. Kc1 Ba2 53.
Kb2 Bg8 54. Re7 Rxg4 55. Rxa7 Be6 56. Nd6 Rxg3 57. a4 Rb3+ 58. Kc2 Rb6 59. Ne8
Bb3+ 60. Kc3 Bxa4 61. Rxa4 Kh6 62. Kd4 Rg6 63. Nd6 Rxd6+ 1/2-1/2

[Event "III Festival A"]
[Site "San Martino di Castrozza - Siror ITA"]
[Date "2002.07.06"]
[Round "6"]
[White "Cavatorta, Fosco"]
[Black "Weinberg, Emanuele"]
[Result "0-1"]
[WhiteElo "1812"]
[BlackElo "1725"]
[PlyCount "119"]
[EventDate "2002.07.01"]

1. e4 Nf6 2. d3 d6 3. Nf3 g6 4. g3 Bg7 5. Bg2 O-O 6. O-O c5 7. Nbd2 Nc6 8. a4
Rb8 9. Nc4 Bg4 10. h3 Be6 11. Ne3 Nh5 12. c3 Na5 13. Nd5 c4 14. dxc4 Nxc4 15.
Qd3 Rc8 16. Nd4 Bxd5 17. exd5 Nf6 18. Re1 Re8 19. Re2 Qb6 20. Kh2 Ne5 21. Qb5
Qc7 22. Qb3 a6 23. f4 Nd3 24. Bd2 Nc5 25. Qc2 Ncd7 26. Rae1 Nb6 27. Qb3 Nc4 28.
Bc1 Kf8 29. f5 Na5 30. Qb4 Qc5 31. fxg6 hxg6 32. Bg5 Qxb4 33. cxb4 Nc4 34. b5
Nb6 35. bxa6 bxa6 36. Nc6 Rc7 37. Nb4 a5 38. Nc6 Nfxd5 39. Nxa5 Be5 40. Bh6+
Kg8 41. Bg5 Ra8 42. Bd2 Rc2 43. b4 Rac8 44. b5 Rxd2 45. Rxd2 Bc3 46. Red1 Ne3
47. Nc6 Kf8 48. Rd3 Nxd1 49. Rxd1 Nxa4 50. Rd3 Bf6 51. Rb3 Ra8 52. Nxe7 Kxe7
53. Bxa8 Nb6 54. Bc6 Bd4 55. Rd3 Bc5 56. Rd1 Kf6 57. Rf1+ Ke7 58. g4 g5 59. Kg3
f6 60. h4 0-1

[Event "III Festival A"]
[Site "San Martino di Castrozza - Siror ITA"]
[Date "2002.07.06"]
[Round "6"]
[White "D'Ettorre, Ireneo"]
[Black "Ammendolea, Massimo"]
[Result "0-1"]
[WhiteElo "1747"]
[BlackElo "1702"]
[PlyCount "80"]
[EventDate "2002.07.01"]

1. c4 Nf6 2. Nf3 e6 3. d4 c5 4. Bg5 h6 5. Bh4 cxd4 6. Qxd4 Qa5+ 7. Nbd2 Nc6 8.
Qc3 Qxc3 9. bxc3 g5 10. Bg3 b6 11. Nd4 Bb7 12. f3 Rc8 13. e3 Na5 14. N4b3 Nc6
15. Nd4 Nxd4 16. exd4 Nh5 17. Be2 Nxg3 18. hxg3 f5 19. Kf2 Kf7 20. Rab1 Ba6 21.
Rhc1 Be7 22. Rb3 Rhd8 23. Rcb1 Rc7 24. c5 Bxe2 25. cxb6 Rb7 26. Kxe2 Ra8 27.
bxa7 Rbxa7 28. Rb7 Rxb7 29. Rxb7 Rxa2 30. Rxd7 Ke8 31. Rb7 Bd6 32. Kd3 Bxg3 33.
Rb1 Bf4 34. Rd1 h5 35. c4 h4 36. Ke2 g4 37. fxg4 fxg4 38. Kd3 Rxd2+ 39. Rxd2
Bxd2 40. Kxd2 h3 0-1